Normal view MARC view
  • Biography(women)

Entry Topical Term

Number of records used in: 1

001 - CONTROL NUMBER

  • control field: 114693

003 - CONTROL NUMBER IDENTIFIER

  • control field: OSt

005 - DATE AND TIME OF LATEST TRANSACTION

  • control field: 20230125044754.0

008 - FIXED-LENGTH DATA ELEMENTS

  • fixed length control field: 230125|| aca||aabn | a|a d

040 ## - CATALOGING SOURCE

  • Original cataloging agency: OSt
  • Transcribing agency: OSt

150 ## - HEADING--TOPICAL TERM

  • Topical term or geographic name entry element: Biography(women)

670 ## - SOURCE DATA FOUND

  • Source citation: Work cat.: (OSt)92247: Karve A 114692, Maze Puran, 1998